| 000 | 01116cam a2200313 a 4500 | ||
|---|---|---|---|
| 001 | 24850 | ||
| 003 | BD-RjUL | ||
| 005 | 20211209001115.0 | ||
| 008 | 140315s1992 enkab b 001 0 eng | ||
| 020 | _a0192852728 : | ||
| 035 | _a(BD-RjUL)24919 | ||
| 040 |
_aDLC _cDLC _dDLC _beng |
||
| 041 | _aeng | ||
| 082 | 0 | 0 |
_a940.1 _220 _bOXF 1992 |
| 245 | 0 | 4 |
_aThe Oxford history of medieval Europe / _cedited by George Holmes. |
| 260 |
_aOxford ; _aNew York : _bOxford University Press, _c1992. |
||
| 300 |
_ax, 395 p. : _bill., maps ; _c20 cm. |
||
| 500 | _aAbridged ed. of: The Oxford illustrated history of medieval Europe. | ||
| 504 | _aIncludes bibliographical references (p. [330]-340) and index. | ||
| 650 | 0 |
_aCivilization, Medieval. _976489 |
|
| 650 | 0 |
_aMiddle Ages. _976490 |
|
| 651 | 0 |
_aEurope _xHistory _y476-1492. _974533 |
|
| 700 | 1 |
_aHolmes, George, _d1927- _976491 |
|
| 740 | 0 | _aOxford illustrated history of medieval Europe. | |
| 856 | 4 | 2 |
_3Publisher description _uhttp://www.loc.gov/catdir/enhancements/fy0636/91043488-d.html |
| 942 |
_2ddc _cBK |
||
| 999 |
_c24850 _d24850 |
||